Adalet Bakanlığı (Record no. 2944)

MARC details
000 -BAŞLIK
Sabit Uzunlukta Kontrol Alanı 00737na a2200229 4500
001 - KONTROL NUMARASI
Denetim Alanı 18354
003 - KONTROL NUMARASI IDENTIFIER
Denetim Alanı MIRAKIL
005 - SON İŞLEM TARİHİ VE ZAMANI
Denetim Alanı 20181213154914.0
008 - SABİT-BOY VERİ ELEMANLARI - GENEL BİLGİLER
Sabit Uzunlukta Kontrol Alanı 161117b tu 000 0
040 ## - KATALOGLAMA KAYNAK
Orijinal Kataloglama Ajansı Milas
Kataloglama Dili tur
Metne Dönüştürmek Ajansı TR-AnCHP
041 ## - DİL KODU
Metin / Ses Parça Veya Ayrı Başlığın Dil Kodu tur
082 ## - DEWEY ONLU SINIFLANDIRMA NUMARASI
Sınıflandırma Numarası 353.5
Ürün Numarası A22 1997
090 ## - SINIFLAMA NUMARASI
Sınıflama Numarası 353.5 A22 1997
110 ## - ANA GİRİŞ - KURUMSAL ADI
Giriş Elemanı Olarak Kurumsal Ad Veya Yargı Alanı Adı Adalet Bakanlığı
245 ## - BAŞLIK TABLOSU
Başlık Adalet Bakanlığı
Başlığın Kalan Teşkilat tarihçesi
Sorumluluk Tablosu, Vb Adalet Bakanlığı
260 ## - YAYIN, DAĞITIM, VB
Yayın, Dağıtım, Vb Yeri Ankara
Yayıncı, Dağıtıcı, Vs Adı Yayın İşleri Dairesi Başkanlığı
Yayın, Dağıtım, Vb Tarihi 1997
300 ## - FİZİKSEL TANIM
Kapsam 120 s.
Diğer Fiziksel Ayrıntıları fotğ.; res.
Boyutlar 28 sm.
490 ## - SERİSİ TABLOSU
Seri Beyanı Yayın İşleri Dairesi Başkanlığı Özel Seri
Hacim / Ardışık Tanımı 2
610 ## - KONU KATMA GİRİŞ - TOPLANTI ADI
Giriş Elemanı Olarak Kurumsal Ad Veya Yargı Alanı Adı Adalet Bakanlığı
Genel Alt Bölüm Teşkilat yapısı
Kronolojik Alt Bölüm Tarih
650 ## - KONU KATMA GİRİŞ - TOPİKAL DÖNEM
Topikal Süreli Veya Coğrafi Ad Giriş Elemanı Merkezi yönetim
Genel Alt Bölümü Bakanlıklar
Coğrafi Alt Bölümü Türkiye
942 ## - EKLENDİ GİRİŞ ELEMANLARI (KOHA)
Sınıflandırma Veya Raf Düzeni Kaynak Dewey Decimal Classification
Koha Öğesi Türü Books
999 ## - SİSTEM KONTROL NUMARALARI (KOHA)
Koha Biblionumber 2944
Koha Biblioitemnumber 2944
Holdings
Kalıcı Konum Mevcut Konum Edinme Tarihi Edinim Kaynak Toplam Check-Out'Lar Tam Çağrı Numarası Barkod Tarih Son Görülme İtibaren Geçerli Fiyatlar Koha Öğesi Türü
CHP Kütüphanesi CHP Kütüphanesi 11/17/2016 Bağış   353.5 A22 1997 008712 11/17/2016 11/17/2016 Books